| 000 | 00847nam a22002777a 4500 | ||
|---|---|---|---|
| 001 | BR6001712 | ||
| 003 | BR-BrBNA | ||
| 005 | 20240129122336.0 | ||
| 007 | ta | ||
| 008 | 230509b bl.||||| |||| 00| 0 por d | ||
| 040 |
_aBR-BrBNA _bpor _cBiblioteca Nacional de Agricultura |
||
| 041 | _a(Por) | ||
| 072 | _aA50; A00 | ||
| 090 |
_aA50 _bBR6001712 |
||
| 100 | 1 | _aAraujo, Mário Olinto C. de | |
| 110 | 1 |
_aDepartamento Nacional de Pesquisa Agropecuaria, Brasilia, DF (Brasil); _93338 |
|
| 110 | 1 |
_aIICA, Rio de Janeiro, GB (Brasil) _95561 |
|
| 245 | 1 | _aLevantamento das instituicoes de pesquisas agropecuarias do Brasil. Informacoes preliminares | |
| 260 | 3 |
_aBrasilia, DF (Brasil): _c1971. |
|
| 300 | _a232 p. | ||
| 500 | _a/G514 | ||
| 650 | _aPESQUISA | ||
| 650 | _aAGRICULTURA | ||
| 650 | _aINSTITUICAO DE PESQUISA | ||
| 942 |
_cBK _2AGRIS |
||
| 999 |
_c11495 _d11495 |
||